| 000 | 00573nam a2200205Ia 4500 | ||
|---|---|---|---|
| 005 | 20260429112047.0 | ||
| 008 | 260429s9999||||xx |||||||||||||| ||und|| | ||
| 020 | _a9781666871180 | ||
| 041 | _aEnglish | ||
| 082 |
_a658.83 _bJEF |
||
| 100 | _aJefferson, Keith | ||
| 245 | 0 |
_aApproach to marketing research methods / _cKeith Jefferson |
|
| 250 | _a1st ed. | ||
| 260 |
_aWilmington : _bAmerican Academic Publisher, _c2024. |
||
| 300 | _axi, 306 p.; hb | ||
| 650 | _a Business research | ||
| 650 | _a Research methods | ||
| 650 | _aMarketing research | ||
| 942 | _cTB | ||
| 999 |
_c52141 _d52141 |
||